Arduino cookbook

Αποθηκεύτηκε σε:
Λεπτομέρειες βιβλιογραφικής εγγραφής
Κύριος συγγραφέας: Margolis, Michael
Μορφή: Βιβλίο
Γλώσσα:English
Δημοσίευση: Sebastopol, Calif. : O' Reilly, c2012.
Έκδοση:2nd ed.
Θέματα:
Ετικέτες: Προσθήκη ετικέτας
Δεν υπάρχουν, Καταχωρήστε ετικέτα πρώτοι!

MARC

LEADER 00000nam a2200000 a 4500
001 1/111144
008 160617s2012####cau| ||| |||| ||eng||
020 |a 9781449313876 
040 |a GR-MyUa  |b gre  |c GR-MyUa  |e AACR2 
041 0 |a eng 
082 7 |a 621.381   |2 (23)  
100 1 |a Margolis, Michael. 
245 1 0 |a Arduino cookbook /   |c Michael Margolis.  
250 |a 2nd ed.  
260 |a Sebastopol, Calif. :   |b O' Reilly,   |c c2012.  
300 |a xx, 699 σ. ;   |c 23 εκ.  
500 |a Περιλαμβάνει ευρετήριο.  
650 0 |a Arduino (Programmable controller) 
650 0 |a Programmable controllers. 
650 0 |a Microcontrollers  |x Programming. 
650 0 |a Electronics  |x Data processing. 
650 0 |a Prototypes, Engineering. 
852 |a INST  |b SYROS  |e 20160617  |h 621.381 MAR  |p 005500012650  |q 005500012650  |t BK  |y 0 
922 |a 5ΕΛΗ  |b 201605  |c Βιβλιοθήκη Σύρου  |d Διαδρομές 
970 |a Κοντού  |b Παρασκευή  |z 17/06/2016